|
|
|
|
| LEADER |
00000naa a2200000uu 4500 |
| 001 |
vtls011051768 |
| 003 |
SK-MaSNL |
| 005 |
20260302113604.0 |
| 008 |
210904|2000 xo |||||||||||||||||eng| |
| 015 |
|
|
|a SNBRA
|
| 035 |
|
|
|a (urnnbn)urn:nbn:sk:snk:ar-a0bv0q
|
| 035 |
|
|
|a (uuid)438f060c-dc86-4b34-bdc7-38619dff4129
|
| 035 |
|
|
|a urn:nbn:sk:snk-aav21q
|
| 040 |
|
|
|a SNKBUCL
|b slo
|c SNKBUCL
|e AACR2
|
| 041 |
0 |
|
|a eng
|
| 044 |
|
|
|a xo
|c SK
|
| 100 |
1 |
|
|a Pavelka, Jiří
|4 aut
|9 375548
|
| 245 |
1 |
0 |
|a HIGH VOLTAGE MULTILEVEL INVERTERS
|c Jiří Pavelka
|
| 773 |
0 |
|
|t 9th international conference and exhibition on power electronics and motion control - EPE-PEMC 2000 Košice
|d Košice : Vienala], 2000
|g S. 98-102
|z 8088922194
|
| 958 |
|
|
|a OND
|
| 958 |
|
|
|a article12
|
| 958 |
|
|
|a chapter
|
| 999 |
|
|
|c 1256166
|d 1258096
|